Japanese- U. S. business negotiations : A cross- cultural study

Αποθηκεύτηκε σε:
Λεπτομέρειες βιβλιογραφικής εγγραφής
Κύριος συγγραφέας: McCreary, Don R.
Μορφή: Βιβλίο
Γλώσσα:Undetermined
Έκδοση: New York Praeger Special Studies 1986
Θέματα:
Ετικέτες: Προσθήκη ετικέτας
Δεν υπάρχουν, Καταχωρήστε ετικέτα πρώτοι!
Thư viện lưu trữ: Trung tâm Học liệu Trường Đại học Cần Thơ
LEADER 00575nam a2200205Ia 4500
001 CTU_81042
008 210402s9999 xx 000 0 und d
082 |a 658 
082 |b M478 
100 |a McCreary, Don R. 
245 0 |a Japanese- U. S. business negotiations : 
245 2 |b A cross- cultural study 
245 0 |c Don R. McCreary 
260 |a New York 
260 |b Praeger Special Studies 
260 |c 1986 
650 |a Negotiation in business 
650 |z Japan,United states 
904 |i Truc,Hải 
980 |a Trung tâm Học liệu Trường Đại học Cần Thơ